000 00297nam a2200133Ia 4500
008 190216s9999||||xx |||||||||||||| ||und||
100 _aKitaigorodsky
245 0 _aPhotons And Nuclei
250 _a3rd Ed.
260 _bMir Publishers
_c1988
300 _a235
650 _aPhysics
942 _cBK
999 _c33189
_d33189